| 000 | 00597nam a2200193 i 4500 | ||
|---|---|---|---|
| 001 | 54465 | ||
| 003 | ES-MaACL | ||
| 005 | 20250805062604.0 | ||
| 007 | t| | ||
| 008 | 960725s1895 fr ||||1| fre d | ||
| 040 |
_aCAM _bspa _cCAM |
||
| 100 | 1 |
_aFouillée, Alfred, _d1838-1912 _951939 |
|
| 245 | 1 | 4 |
_aLes études récentes de sociologie / _cpar A. Fouillée. |
| 260 |
_aParis : _bV. Giard & E. Briere, _c1895 ( _eBeaugeney : _fJ. Laffray, imprimeur) |
||
| 300 |
_a14 p. ; _c25 cm. |
||
| 650 | 7 |
_aSociología _2embne _917195 |
|
| 852 |
_aES-MaACL _jT-747-F-7 |
||
| 999 |
_c54465 _d54465 |
||